| 000 | 00000nam##2200000za#4500 |
| 001 | 9.698189 |
| 003 | CaOODSP |
| 005 | 20210624235822 |
| 007 | cr ||||||||||| |
| 008 | 150407|1979||||xxc|||||o f|0| 0 eng|d |
| 040 | |aCaOODSP|beng |
| 043 | |an-cn--- |
| 086 | 1 |aA53-868/1979E-PDF |
| 110 | 1 |aCanada.|bAgriculture Canada.|bResearch Branch. |
| 245 | 10|aManures and compost / |h[electronic resource]|c[by] A.J. MacLean and F.R. Hore. |
| 250 | |aRevised 1979 |
| 260 | |aOttawa - Ontario : |bAgriculture Canada. |cc1979 (1980 printing). |
| 300 | |a20p.|btables |
| 500 | |aHistorical publication digitized by Agriculture and Agri-Food Canada. |
| 590 | |a13-17-Supp|b2013-07-25 |
| 690 | 07|aFertilizers|2gcpds |
| 690 | 07|aManure|2gcpds |
| 690 | 07|aSoil|2gcpds |
| 690 | 07|aSoil quality|2gcpds |
| 775 | 08|tFumiers et compost / |w(CaOODSP)9.641900 |
| 856 | 40|ahttp://publications.gc.ca|qPDF|s933 KB|uhttps://publications.gc.ca/collections/collection_2013/aac-aafc/agrhist/A53-868-1979-eng.pdf |
| 986 | |a868 |